Statystyki dla Geografia fizyczna Ameryki Południowej

Kliknij tutaj aby rozwiązać quiz!

Ogólne statystyki

  • Ten quiz został rozwiązany 80 razy
  • Średni wynik to 5 z 12

Statystyki odpowiedzi

Pytanie:Odpowiedź:% Poprawnych
Najdłuższa rzeka:Amazonka
95%
Najdłuższe pasmo górskie:Andy
75%
Kanał oddzielający Amerykę Północną od Południowej:Kanał Panamski
74%
Najwyższy szczyt:Aconcagua
54%
Najdalej wysunięty przylądek świata. Oddziela dwa oceany:Przylądek Horn
41%
Pustynia na której nie było deszczu od blisko 300 lat:Pustynia Atakama
41%
Charakterystyczne lasy dla Brazylii:Lasy Deszczowe
36%
Największa wyspa:Ziemia Ognista
36%
Archipelag o który Argentyna i Wielka Brytania rości sobie prawa:Falkandy/Malwiny
30%
Największe jezioro:Maracaibo
23%
Najniższy punkt:Depresja Jeziora Laguna
2%
Największy półwysep:Guajira
0%

Rozkład punktacji

Percentyl według liczby udzielonych odpowiedzi

Procent ludzi z każdym wynikiem

Twoja historia wyników

Nie rozwiązałeś tego quizu